Compendio di Diritto Fallimentare

Detalles Bibliográficos
Autor principal: Biscione, Stefania
Otros Autores: Pessetti, Roberta
Formato: eBook
Lenguaje:italiano
Publicado: Piacenza : Casa Editrice La Tribuna, 2012
Materias:
Acceso en línea:Acceso restringido

MARC

LEADER 00000nam a22000007a 4500
005 2012080705045.0
007 cr|||| ||||
008 120807s2012 it |||||s|||| 00||0 ita d
020 |a 9788861321793 
035 |a 6601 
040 |a vLex 
090 |c 3347  |d 3347 
100 1 |a Biscione, Stefania 
245 1 0 |a Compendio di Diritto Fallimentare  |h [Recurso electrn̤ico] /  |c Stefania Biscione , Roberta Pessetti  
256 |a Servicio en ln̕ea 
260 |a Piacenza :  |b Casa Editrice La Tribuna,  |c 2012 
300 |a 1 recurso electrn̤ico 
506 1 |a contenido solo disponible en los productos indicados  |d vLex Global   |d vLex Global (Academic Edition, excluding Law Schools)   |d vLex Global (U.S. Academic Edition, Law Schools)   |d vLex Global (U.S. Academic Edition, excluding Law Schools)   |d vLex Global (Academic Edition, Law Schools)  
650 0 4 |a Derecho concursal  |z Italia 
700 1 |a  Pessetti, Roberta 
740 0 |a vLex Libros (Servicio en ln̕ea) 
856 4 0 |u http://vlex.com/source/compendio-diritto-fallimentare-6601  |z Acceso restringido 
942 |c BOOK 
999 0 |a Commercial law